00545cam a22002171 4500001001300000003000400013005001700017008004100034010001700075035002000092040002500112042001200137050001600149100003200165245004200197260001100239300002200250500001600272650002200288999001700310sa 66007391 DLC20260227112304.0890619s1965 ii 000 0 beno  asa 66007391  a(OCoLC)19896614 aDLCcWaUdOCoLCdDLC apremarc00aPK1658b.B31 aBasu, Suddha Sattwa,d1921-10aBāṃlā bhāshāra bhūmikā. c[1965] a5, 300 p.c23 cm. aIn Bengali. 0aBengali language. c71155d71155